Basket: Pays Champions d'Afrique (Hommes et Femmes) - Statistiques

Statistiques générales
  • Ce quiz a été pris 90 fois
  • Le résultat moyen est 8 sur 11
Statistiques - réponses
Réponse % Correct
Maroc
90%
Egypte
89%
Nigeria
87%
Sénégal
85%
Tunisie
85%
Côte d'Ivoire
78%
République Démocratique du Congo
78%
Angola
74%
Mali
71%
Madagascar
33%
République Centrafricaine
33%
Aucun quiz correspondant
Distribution des résultats
% des personnes avec chaque résultat
Percentile par nombre de réponses
Votre historique - résultats
Vous n’avez pas pris ce quiz